| 000 | 00842nam a2200301Ia 4500 | ||
|---|---|---|---|
| 008 | 160803s9999 xx 000 0 und d | ||
| 020 | _a9780439441599 | ||
| 100 | _aWeinberger, Kimberly | ||
| 245 | _aDolphin's big leap / | ||
| 245 | _cby Kimberly Weinberger ; illustrated by Debra Ziss. | ||
| 260 | _aNew York : | ||
| 260 | _bScholastic Inc. | ||
| 260 | _c2003 | ||
| 300 | _a1 volume (unpaged) : | ||
| 300 | _bcolor illustrations ; | ||
| 300 | _c23 cm. | ||
| 440 | _aHello reader!, | ||
| 440 | _vLevel 1. | ||
| 500 | _a"This edition is only available for distribution through the school market--P. [4] of cover. | ||
| 650 | _aCourage -- | ||
| 650 | _aDolphins -- | ||
| 650 | _aPicture books. | ||
| 650 | _aSelf-esteem -- | ||
| 650 | _xFiction. | ||
| 650 | _xFiction. | ||
| 650 | _xFiction. | ||
| 700 | _aBR | ||
| 999 |
_c299110 _d299110 |
||